The art and science of C : (Record no. 4423)

MARC details
000 -LEADER
fixed length control field 00719nac a22001811u 4500
010 ## - LIBRARY OF CONGRESS CONTROL NUMBER
LC control number 94016744
020 ## - INTERNATIONAL STANDARD BOOK NUMBER
International Standard Book Number 0201543222
082 00 - DEWEY DECIMAL CLASSIFICATION NUMBER
Classification number 005.133
Item number R6431
090 ## - LOCALLY ASSIGNED LC-TYPE CALL NUMBER (OCLC); LOCAL CALL NUMBER (OCLC)
-- 4423
-- 4423
100 ## - MAIN ENTRY--PERSONAL NAME
Personal name Roberts, Eric.
245 14 - TITLE STATEMENT
Title The art and science of C :
Remainder of title a library-based introduction to computer science /
Statement of responsibility, etc Eric S. Roberts.
260 ## - PUBLICATION, DISTRIBUTION, ETC. (IMPRINT)
Place of publication, distribution, etc Reading, Mass. :
Name of publisher, distributor, etc Addison-Wesley Pub. Co.,
Date of publication, distribution, etc c1995.
300 ## - PHYSICAL DESCRIPTION
Extent xxviii, 704 p. :
Other physical details ill. ;
Dimensions 23 cm.
500 ## - GENERAL NOTE
General note Includes index.
650 #0 - SUBJECT ADDED ENTRY--TOPICAL TERM
Topical term or geographic name as entry element C (Computer program language)
942 ## - ADDED ENTRY ELEMENTS (KOHA)
Item type Book - Borrowing
Call number prefix 005.133R6431
Holdings
Withdrawn status Item status Damaged status Not for loan Home library Current library Shelving location Date acquired Source of acquisition Total Checkouts Total Renewals Full call number Barcode Date last seen Date last borrowed Koha item type
        Central Library Central Library Lower Floor 07/09/2006 Purchase 2 1 005.133 ROB 000005360 15/07/2025 13/02/2012 Book - Borrowing